000 00706nam a2200265Ia 4500
005 20260302115517.0
008 008 260114s9999 xx 000 0 eng d
020 _a9781350043190
037 _aTextbook
040 _aCRL
040 _beng
040 _cCRL
041 _2eng
041 _aeng
084 _qCRL
100 _aMichael Shane Boyle, Matt Cornish and Brandon Woolf
_91121853
245 0 _aPostdramatic Theatre and Form
260 _bBloomsbury
260 _bMethuen Drama
260 _c2019
650 _aLiterary Studies
856 _uhttps://dx.doi.org/10.5040/9781350043190?locatt=label:secondary_bloomsburyCollections
942 _cEBOOK
999 _c1686472
_d1686472